[Event "Titled Tue 20th May Late"]
[Site "chess.com INT"]
[Date "2025.05.20"]
[Round "7"]
[White "Aravindh, Chithambaram VR."]
[Black "Erigaisi, Arjun"]
[Result "0-1"]
[WhiteTitle "GM"]
[BlackTitle "GM"]
[WhiteElo "2749"]
[BlackElo "2782"]
[WhiteFideId "5072786"]
[BlackFideId "35009192"]
[EventDate "2025.05.20"]

1. Nf3 d6 2. d4 Nf6 3. g3 g6 4. Bg2 Bg7 5. O-O O-O 6. c4 Nc6 7. Nc3 Bf5 8. Bd2
Ne4 9. Nxe4 Bxe4 10. Bc3 d5 11. Qa4 e6 12. Rfd1 dxc4 13. Qxc4 Qd5 14. Qxd5 Bxd5
15. e3 a5 16. Ne1 Rfd8 17. Nd3 Kf8 18. b3 a4 19. b4 Na7 20. a3 Nb5 21. Bb2 b6
22. Rac1 Ke7 23. Nf4 Bxg2 24. Kxg2 g5 25. Nd3 h5 26. h3 Rd5 27. Rc6 Rad8 28.
Rdc1 e5 29. Nxe5 Bxe5 30. dxe5 Rd2 31. Bd4 Rd7 32. e6 fxe6 33. Be5 Kd8 34. Rxe6
Nxa3 35. Rf6 Nc2 36. Rf5 Nxe3+ 0-1

[Event "Titled Tue 20th May Late"]
[Site "chess.com INT"]
[Date "2025.05.20"]
[Round "7"]
[White "Kobla, Vishal"]
[Black "Diaz Cesar, Wilsaida Pieranlly"]
[Result "1-0"]
[WhiteTitle "CM"]
[BlackTitle "WFM"]
[WhiteElo "1968"]
[BlackElo "1892"]
[WhiteFideId "2078457"]
[BlackFideId "6403557"]
[EventDate "2025.05.20"]

1. e4 d6 2. d4 Nf6 3. Nc3 Nbd7 4. Be3 e5 5. Nge2 c6 6. f3 Be7 7. Qd2 a5 8. a4
Qc7 9. h4 h5 10. Ng3 g6 11. Bc4 Nb6 12. Bb3 Be6 13. d5 Bd7 14. Qd3 O-O-O 15. Nf1
Kb8 16. Nd2 Rc8 17. dxc6 Qxc6 18. Bxf7 Rhf8 19. Bd5 Nfxd5 20. exd5 Qc7 21. Nb5
Bxb5 22. Qxb5 Nd7 23. c3 Nc5 24. Ke2 Na6 25. Rhc1 Nc5 26. b4 axb4 27. cxb4 Qd7
28. bxc5 1-0

[Event "Titled Tue 20th May Late"]
[Site "chess.com INT"]
[Date "2025.05.20"]
[Round "7"]
[White "Lortkipanidze, Nodar"]
[Black "Thorhallsson, Simon"]
[Result "1-0"]
[WhiteTitle "IM"]
[BlackTitle "FM"]
[WhiteElo "2359"]
[BlackElo "2218"]
[WhiteFideId "13604058"]
[BlackFideId "2310090"]
[EventDate "2025.05.20"]

1. e4 g6 2. d4 Bg7 3. Nc3 d6 4. Be3 a6 5. Qd2 b5 6. O-O-O Nf6 7. f3 b4 8. Nb1 a5
9. h4 h5 10. Nh3 Bxh3 11. Rxh3 Nbd7 12. c4 bxc3 13. Nxc3 c6 14. Be2 Qc7 15. g4
Nb6 16. g5 Nfd7 17. f4 a4 18. f5 a3 19. b3 O-O 20. Kb1 c5 21. Nb5 Qc6 22. d5 Qb7
23. Rf1 c4 24. Bd4 Bxd4 25. Nxd4 cxb3 26. axb3 a2+ 27. Ka1 Nc5 28. Bxh5 Nxe4 29.
Qe3 Qxd5 30. Bf3 gxf5 31. g6 fxg6 32. Rg1 Rf6 33. h5 Qe5 34. hxg6 Nd5 35. Rh8+ 1-0

[Event "Titled Tue 20th May Late"]
[Site "chess.com INT"]
[Date "2025.05.20"]
[Round "7"]
[White "Materia, Marco"]
[Black "Arabidze, Meri"]
[Result "1-0"]
[WhiteTitle "IM"]
[BlackTitle "IM"]
[WhiteElo "2489"]
[BlackElo "2440"]
[WhiteFideId "45150451"]
[BlackFideId "13604040"]
[EventDate "2025.05.20"]

1. Nf3 Nf6 2. g3 b6 3. Bg2 Bb7 4. O-O g6 5. d4 Bg7 6. c4 O-O 7. Nc3 Ne4 8. Qc2
Nxc3 9. bxc3 c5 10. e4 d6 11. Be3 Nc6 12. Rad1 Qc7 13. Rfe1 Na5 14. Nd2 Rac8 15.
d5 Ba6 16. Bf1 e5 17. f4 exf4 18. Bxf4 Be5 19. Bxe5 dxe5 20. Bd3 Qd7 21. Rf1 f6
22. Rf2 Nb7 23. Nf1 Nd6 24. Ne3 Rf7 25. Rdf1 Rcf8 26. h4 Bc8 27. Qe2 h5 28. Rg2
Qh3 29. Qe1 Qd7 30. g4 hxg4 31. Nxg4 Qxg4 32. Rxg4 Bxg4 33. Rf2 Bh5 34. a4 Kh7
35. Kh2 Re7 36. Qe3 Ref7 37. a5 Re7 38. Rb2 f5 39. exf5 e4 40. fxg6+ Bxg6 41.
Be2 Nf5 42. Qg5 Nh6 43. Qxe7+ Rf7 44. Qg5 e3 45. Qxe3 bxa5 46. Qxc5 Be4 47. Qe3 1-0

[Event "Titled Tue 20th May Late"]
[Site "chess.com INT"]
[Date "2025.05.20"]
[Round "7"]
[White "Yanev, Tihomir"]
[Black "Wu, Derek"]
[Result "1-0"]
[WhiteTitle "IM"]
[BlackTitle "FM"]
[WhiteElo "2354"]
[BlackElo "2232"]
[WhiteFideId "2910110"]
[BlackFideId "30914558"]
[EventDate "2025.05.20"]

1. e4 e5 2. Nc3 Nf6 3. f4 d5 4. fxe5 Nxe4 5. Nf3 Bc5 6. d4 Bb4 7. Bd2 Nxd2 8.
Qxd2 O-O 9. Bd3 c5 10. O-O Nc6 11. a3 Ba5 12. Qf4 cxd4 13. Nb5 Bb6 14. Rae1 h6
15. Nd6 Bc7 16. Nf5 Ne7 17. Nxh6+ gxh6 18. Qxh6 Nf5 19. Qh5 f6 20. Bxf5 Bxf5 21.
Qxf5 Qe7 22. e6 Rae8 23. Nxd4 Bb6 24. c3 Qg7 25. Rf3 Bc7 26. Ree3 Re7 27. Rg3
Bxg3 28. Rxg3 1-0

[Event "Titled Tue 20th May Late"]
[Site "chess.com INT"]
[Date "2025.05.20"]
[Round "7"]
[White "Wuebker, Paul-Luca"]
[Black "Mafra, Kaiser Luiz"]
[Result "1-0"]
[WhiteTitle "CM"]
[BlackTitle "CM"]
[WhiteElo "2244"]
[BlackElo "2094"]
[WhiteFideId "12939528"]
[BlackFideId "2106698"]
[EventDate "2025.05.20"]

1. e4 c5 2. Nf3 d6 3. d4 cxd4 4. Nxd4 Nf6 5. Nc3 a6 6. Be3 e5 7. Nb3 Be6 8. f3
Be7 9. Qd2 O-O 10. O-O-O a5 11. Kb1 a4 12. Nc1 a3 13. b4 Na6 14. Nd5 Nxd5 15.
exd5 Bf5 16. g4 Bg6 17. h4 f5 18. h5 Be8 19. gxf5 Rxf5 20. Bd3 Rxf3 21. Be4 Rxe3
22. Qxe3 Nxb4 23. Rdg1 Qd7 24. Qh6 Bf6 25. Qxh7+ Kf8 26. h6 Bf7 27. hxg7+ Bxg7
28. Qxg7+ Ke7 29. Qxf7+ Kxf7 30. Rh7+ Kf6 31. Rg6# 1-0

[Event "Titled Tue 20th May Late"]
[Site "chess.com INT"]
[Date "2025.05.20"]
[Round "7"]
[White "Asish Panda"]
[Black "Klimakovs, Sergejs"]
[Result "1-0"]
[BlackTitle "FM"]
[WhiteElo "1911"]
[BlackElo "2337"]
[WhiteFideId "45012458"]
[BlackFideId "11602066"]
[EventDate "2025.05.20"]

1. e4 c5 2. Nf3 g6 3. c3 Bg7 4. d4 cxd4 5. cxd4 d5 6. exd5 Nf6 7. Nc3 O-O 8. Bc4
Nbd7 9. d6 exd6 10. O-O Nb6 11. Bb3 d5 12. h3 Bf5 13. Bg5 h6 14. Bh4 Re8 15. Ne5
g5 16. Bg3 Ne4 17. Nxe4 Bxe4 18. Re1 Bf5 19. Qh5 Qf6 20. f4 Nc4 21. fxg5 hxg5
22. Rf1 Nxe5 23. Bxe5 Qg6 24. Qf3 Be4 25. Qg3 Rac8 26. Rae1 Rc6 27. Bxg7 Kxg7
28. Bxd5 Rc2 29. Rf2 Rxf2 30. Qxf2 f5 31. Bxe4 Rxe4 32. Rxe4 fxe4 33. d5 Qf6 34.
Qxf6+ Kxf6 35. Kf2 Ke5 36. Ke3 Kxd5 37. g3 Ke5 38. h4 gxh4 39. gxh4 b5 40. b4 1-0

[Event "Titled Tue 20th May Late"]
[Site "chess.com INT"]
[Date "2025.05.20"]
[Round "7"]
[White "Liu, Casper"]
[Black "Lugo, Blas"]
[Result "1-0"]
[WhiteTitle "FM"]
[BlackTitle "IM"]
[WhiteElo "2325"]
[BlackElo "2399"]
[WhiteFideId "1454153"]
[BlackFideId "2011263"]
[EventDate "2025.05.20"]

1. d4 d5 2. c4 c6 3. Nf3 Nf6 4. cxd5 cxd5 5. Nc3 Nc6 6. Bf4 Bf5 7. e3 e6 8. Bd3
Bxd3 9. Qxd3 Bd6 10. Bxd6 Qxd6 11. O-O O-O 12. h3 Rac8 13. Rac1 Nb4 14. Qe2 Ne4
15. Nxe4 dxe4 16. Nd2 Qd5 17. a3 Nd3 18. Rxc8 Rxc8 19. Nb1 Qb3 20. Nc3 f5 21.
Nd1 g6 22. Qd2 b6 23. Nc3 Qxb2 24. Qxb2 Nxb2 25. Nb5 a6 26. Nd6 Rc6 27. Nb7 Rc7
28. Nd8 Re7 29. Rc1 b5 30. Rc6 a5 31. Nxe6 Nc4 32. a4 bxa4 33. Rc8+ Kf7 34. Nd8+
Ke8 35. Nc6+ Kd7 36. Nxe7 Nd6 37. Ra8 Kxe7 38. Rxa5 1-0

[Event "Titled Tue 20th May Late"]
[Site "chess.com INT"]
[Date "2025.05.20"]
[Round "7"]
[White "Gonzalez Vega, Alejandro"]
[Black "Midonet, Matthieu"]
[Result "0-1"]
[WhiteTitle "FM"]
[BlackTitle "CM"]
[WhiteElo "2092"]
[BlackElo "2224"]
[WhiteFideId "3510042"]
[BlackFideId "26080575"]
[EventDate "2025.05.20"]

1. d4 Nf6 2. c4 c5 3. d5 e6 4. Nc3 exd5 5. cxd5 d6 6. e4 g6 7. f4 Bg7 8. Bb5+
Nfd7 9. Be2 O-O 10. Nf3 Re8 11. O-O Na6 12. a3 Nc7 13. a4 Na6 14. Kh1 Nb4 15.
Nd2 Nf6 16. Bf3 a6 17. Nc4 Rb8 18. a5 Qc7 19. e5 dxe5 20. fxe5 Nd7 21. d6 Qd8
22. Nd5 Nxe5 23. Nxe5 Bxe5 24. Nxb4 cxb4 25. Bh6 Qh4 26. Bf4 Bxf4 27. g3 Bxg3
28. Qd2 Be6 29. Qg2 Bxd6 30. Rad1 Rbd8 0-1

[Event "Titled Tue 20th May Late"]
[Site "chess.com INT"]
[Date "2025.05.20"]
[Round "7"]
[White "Moosavifar, Seyed Abolfazl"]
[Black "Demchenko, Anton"]
[Result "0-1"]
[WhiteTitle "FM"]
[BlackTitle "GM"]
[WhiteElo "2303"]
[BlackElo "2619"]
[WhiteFideId "42548195"]
[BlackFideId "4160258"]
[EventDate "2025.05.20"]

1. e4 d6 2. d4 Nf6 3. Nc3 e5 4. Nf3 Nbd7 5. Bc4 Be7 6. O-O O-O 7. a4 c6 8. Re1
h6 9. b3 Re8 10. h3 Qc7 11. a5 Nf8 12. Be3 Ng6 13. Qd2 Bf8 14. d5 Bd7 15. dxc6
bxc6 16. a6 Rad8 17. Qe2 Bc8 18. Red1 Nh5 19. b4 Nhf4 20. Qf1 d5 21. exd5 Bxb4
22. Na2 cxd5 23. Bb5 Bd6 24. Bxe8 Rxe8 25. Qb5 Rd8 26. Nb4 Bxb4 27. Qxb4 d4 28.
Bxf4 Nxf4 29. Kh1 Qxc2 30. Nxe5 Qe4 0-1

[Event "Titled Tue 20th May Late"]
[Site "chess.com INT"]
[Date "2025.05.20"]
[Round "7"]
[White "Klukin, Kirill"]
[Black "Sklokin, Sergey"]
[Result "1-0"]
[WhiteTitle "IM"]
[BlackTitle "FM"]
[WhiteElo "2407"]
[BlackElo "2311"]
[WhiteFideId "24199273"]
[BlackFideId "55730230"]
[EventDate "2025.05.20"]

1. d4 Nf6 2. Nf3 g6 3. e3 d5 4. Be2 Bg7 5. O-O O-O 6. b4 a5 7. b5 c5 8. bxc6
Nxc6 9. c4 dxc4 10. Bxc4 e5 11. Nxe5 Nxe5 12. dxe5 Qc7 13. Na3 Qxe5 14. Rb1 Ng4
15. g3 Qh5 16. h4 g5 17. Rb5 h6 18. e4 Qg6 19. Bxg5 hxg5 20. Rxg5 Qxe4 21. Re1
Qc6 22. Qd4 Nf6 23. Bb5 Qf3 24. Re3 Qxe3 25. Qxe3 Be6 26. Rxg7+ Kxg7 27. Qg5+
Kh7 1-0

[Event "Titled Tue 20th May Late"]
[Site "chess.com INT"]
[Date "2025.05.20"]
[Round "7"]
[White "Hariharan, Shambavi"]
[Black "Dauer, Andre Leonardo"]
[Result "0-1"]
[WhiteTitle "WCM"]
[BlackTitle "CM"]
[WhiteElo "1892"]
[BlackElo "2138"]
[WhiteFideId "488160"]
[BlackFideId "2126915"]
[EventDate "2025.05.20"]

1. Nf3 d5 2. g3 e6 3. Bg2 f5 4. O-O Nf6 5. d3 Be7 6. Nbd2 O-O 7. c4 Nc6 8. a3 a5
9. Qc2 e5 10. cxd5 Nxd5 11. Nc4 Bf6 12. Qb3 a4 13. Qb5 e4 14. dxe4 fxe4 15. Rd1
exf3 16. Rxd5 fxe2 17. Be3 Qe8 18. Nd2 Ra5 19. Qxe2 Rxd5 20. Bxd5+ Be6 21. Bxe6+
Qxe6 22. Qc4 Qxc4 23. Nxc4 Rd8 24. Rb1 Nd4 25. Bxd4 Rxd4 26. Ne3 Rd3 27. Rc1 c6
28. Rc2 Bd4 29. Nc4 Rd1+ 30. Kg2 Rb1 31. Rd2 c5 32. Re2 b5 33. Nd6 h6 34. Nxb5
Bxb2 35. Rc2 Bd4 36. Nxd4 cxd4 37. Rc4 d3 38. Rd4 Rb3 39. Kf3 Rxa3 40. Ke3 Kf7
41. Rxd3 Rxd3+ 42. Kxd3 Kf6 43. Kc4 Kf5 44. f3 g5 45. h3 h5 46. Kb4 h4 47. gxh4
gxh4 48. Kxa4 Kf4 49. Kb4 Kxf3 50. Kc3 Kg3 51. Kd3 Kxh3 0-1

[Event "Titled Tue 20th May Late"]
[Site "chess.com INT"]
[Date "2025.05.20"]
[Round "7"]
[White "Terron Elena, Francisco M."]
[Black "Gimeno Martos, Roberto"]
[Result "1-0"]
[WhiteTitle "FM"]
[BlackTitle "CM"]
[WhiteElo "2148"]
[BlackElo "2090"]
[WhiteFideId "2210576"]
[BlackFideId "2226804"]
[EventDate "2025.05.20"]

1. e4 g6 2. d4 Bg7 3. c4 d6 4. Nf3 Nf6 5. Nc3 O-O 6. h3 Nc6 7. Be3 e5 8. d5 Ne7
9. g4 Ne8 10. Bd3 c6 11. Qd2 cxd5 12. cxd5 a6 13. Rg1 b5 14. a3 Bd7 15. h4 Rb8
16. h5 a5 17. b4 axb4 18. axb4 Nc8 19. Ke2 Nb6 20. Nxb5 Nxd5 21. exd5 Bxb5 22.
hxg6 Bxd3+ 23. Qxd3 fxg6 24. Ng5 Nc7 25. Ra7 Rxb4 26. Rc1 Rb2+ 27. Kf1 Bh6 28.
Rcxc7 e4 29. Qc3 Rb1+ 30. Kg2 Qf6 31. Qxf6 Rxf6 32. Rc8+ Bf8 33. Nxh7 1-0

[Event "Titled Tue 20th May Late"]
[Site "chess.com INT"]
[Date "2025.05.20"]
[Round "7"]
[White "Gunduz, Umut Erdem"]
[Black "Liu, Jason"]
[Result "0-1"]
[WhiteTitle "IM"]
[WhiteElo "2268"]
[BlackElo "2064"]
[WhiteFideId "6381383"]
[BlackFideId "2514656"]
[EventDate "2025.05.20"]

1. e4 e6 2. d4 b6 3. c4 Bb7 4. Nc3 Bb4 5. Bd3 f5 6. Qe2 Qh4 7. Nf3 Qg4 8. h3
Bxc3+ 9. bxc3 Qxg2 10. Rh2 Qg6 11. exf5 Qh5 12. Be4 Bxe4 13. Qxe4 Nc6 14. fxe6
Nge7 15. Bg5 O-O 16. Bxe7 Nxe7 17. exd7 Qxf3 18. Qxe7 Qxc3+ 19. Ke2 Qxa1 20.
Qe6+ Kh8 21. Qd5 Qb2+ 22. Ke3 Qc1+ 23. Ke2 Qc2+ 24. Ke3 Qf5 25. Qxf5 Rxf5 26. c5
bxc5 27. dxc5 Rxc5 28. Kd4 Rc6 0-1

[Event "Titled Tue 20th May Late"]
[Site "chess.com INT"]
[Date "2025.05.20"]
[Round "7"]
[White "Goldin, Roman"]
[Black "Roberson, Peter T"]
[Result "0-1"]
[WhiteTitle "FM"]
[BlackTitle "IM"]
[WhiteElo "2296"]
[BlackElo "2440"]
[WhiteFideId "2803860"]
[BlackFideId "412384"]
[EventDate "2025.05.20"]

1. Nf3 d5 2. e3 Nf6 3. b4 a5 4. b5 Nbd7 5. c4 e5 6. cxd5 Nxd5 7. Bb2 Bd6 8. d3
a4 9. Na3 Bb4+ 10. Nd2 Qe7 11. Qc1 O-O 12. Be2 N7b6 13. O-O Be6 14. Nac4 Rfc8
15. Bxe5 a3 16. Rb1 Bxd2 17. Qxd2 Nxc4 18. dxc4 Nb6 19. Bd4 f6 20. Rfc1 Rd8 21.
Qb4 Qf7 22. c5 Ra4 23. Qc3 Nd5 24. Qc2 Raa8 25. Bf3 c6 26. bxc6 bxc6 27. h3 Ne7
28. Rb7 Bxa2 29. Rxe7 Bb3 30. Rxf7 Bxc2 31. Rxc2 Kxf7 0-1

[Event "Titled Tue 20th May Late"]
[Site "chess.com INT"]
[Date "2025.05.20"]
[Round "7"]
[White "Roebers, Eline"]
[Black "Tayar, Jonathan"]
[Result "1-0"]
[WhiteTitle "IM"]
[BlackTitle "IM"]
[WhiteElo "2361"]
[BlackElo "2325"]
[WhiteFideId "1058401"]
[BlackFideId "2606534"]
[EventDate "2025.05.20"]

1. e4 c5 2. Nf3 d6 3. d4 Nf6 4. Nc3 cxd4 5. Nxd4 a6 6. a3 e6 7. g4 b5 8. g5 Nfd7
9. h4 Bb7 10. Be3 Nb6 11. h5 N8d7 12. Rg1 Ne5 13. g6 hxg6 14. hxg6 Qf6 15. gxf7+
Qxf7 16. Qe2 Nec4 17. O-O-O Rc8 18. Ndxb5 axb5 19. Bxb6 Nxb6 20. Qxb5+ Rc6 21.
Nd5 Nxd5 22. exd5 exd5 23. Bg2 Qd7 24. Kb1 Rc5 25. Qe2+ Kd8 26. b4 Rc3 27. Kb2
Qc7 28. Rge1 Be7 29. Qxe7+ Qxe7 30. Rxe7 Rxc2+ 31. Kxc2 Kxe7 32. Bxd5 Bxd5 33.
Rxd5 Ke6 34. Rd2 Rh2 35. a4 Kd7 36. Kb3 Kc6 37. a5 Rh4 38. Ka4 d5 39. Rc2+ Kd6
40. a6 Rh8 41. Ka5 g5 42. b5 d4 43. b6 Kd5 44. b7 d3 45. Rd2 1-0

[Event "Titled Tue 20th May Late"]
[Site "chess.com INT"]
[Date "2025.05.20"]
[Round "7"]
[White "Kosakowski, Jakub"]
[Black "Mishra, Abhimanyu"]
[Result "0-1"]
[WhiteTitle "GM"]
[BlackTitle "GM"]
[WhiteElo "2530"]
[BlackElo "2605"]
[WhiteFideId "1185080"]
[BlackFideId "30920019"]
[EventDate "2025.05.20"]

1. e4 c5 2. Nf3 d6 3. d4 cxd4 4. Nxd4 Nf6 5. Bc4 Nxe4 6. Qh5 e6 7. Bb5+ Nd7 8.
Nxe6 Nf6 9. Nxd8 Nxh5 10. Bxd7+ Bxd7 11. Nxb7 Bc6 12. Na5 Bxg2 13. Rg1 Bf3 14.
Nc3 g6 15. Nb5 Rc8 16. Nd4 Be4 17. Be3 Bg7 18. O-O-O O-O 19. c3 a6 20. Nc2 Bxc3
21. bxc3 Rxc3 22. Rd2 Rfc8 23. Kb2 Rxc2+ 24. Rxc2 Rxc2+ 25. Kb3 Rc8 26. Rc1 Rxc1
27. Bxc1 Nf6 28. Bf4 Bd5+ 29. Kb2 Ng4 30. Bxd6 Nxf2 31. a4 Ne4 32. Bf4 g5 33.
Be3 f5 34. Nb3 f4 35. Bd4 Bxb3 36. Kxb3 f3 0-1

[Event "Titled Tue 20th May Late"]
[Site "chess.com INT"]
[Date "2025.05.20"]
[Round "7"]
[White "Hungaski, Robert"]
[Black "Tkachenko, Erik"]
[Result "1-0"]
[WhiteTitle "GM"]
[WhiteElo "2477"]
[BlackElo "2028"]
[WhiteFideId "2021030"]
[BlackFideId "30902967"]
[EventDate "2025.05.20"]

1. h3 d5 2. e3 e5 3. d4 exd4 4. exd4 c5 5. Nf3 Nc6 6. Bb5 Nf6 7. O-O Be7 8. dxc5
O-O 9. Be3 Ne4 10. Nc3 Nxc3 11. bxc3 Be6 12. Bd4 Qa5 13. Rb1 Rab8 14. Re1 a6 15.
Bd3 h6 16. Qc1 Bxc5 17. Qf4 Nxd4 18. cxd4 Be7 19. Rxe6 fxe6 20. Qe5 Kf7 21. Qf4+
Bf6 22. Ne5+ Kg8 23. Nd7 Qd8 24. Nxb8 Qxb8 25. Qg4 Qe8 26. Rxb7 Bg5 27. g3 1-0

[Event "Titled Tue 20th May Late"]
[Site "chess.com INT"]
[Date "2025.05.20"]
[Round "7"]
[White "Rozman, Levy"]
[Black "Yilmaz, Mustafa"]
[Result "0-1"]
[WhiteTitle "IM"]
[BlackTitle "GM"]
[WhiteElo "2324"]
[BlackElo "2586"]
[WhiteFideId "2039877"]
[BlackFideId "6302718"]
[EventDate "2025.05.20"]

1. d4 Nf6 2. Bg5 d5 3. Nd2 c5 4. e3 Nc6 5. c3 Qb6 6. Qb3 cxd4 7. exd4 Bf5 8.
Ngf3 e6 9. Qxb6 axb6 10. Bb5 Nd7 11. Nh4 Bc2 12. a3 f6 13. Be3 g5 14. Nhf3 Bd6
15. h3 h5 16. Rc1 Bg6 17. O-O Kf7 18. c4 Bd3 19. Rfe1 g4 20. Rc3 Bh7 21. cxd5
exd5 22. Bxc6 bxc6 23. Rxc6 Bb8 24. Nh4 Re8 25. Nf1 Ra4 26. Rec1 Bd3 27. hxg4
hxg4 28. Rc8 Rxc8 29. Rxc8 Rc4 30. Rxc4 dxc4 31. Nd2 b5 32. d5 Be5 0-1

[Event "Titled Tue 20th May Late"]
[Site "chess.com INT"]
[Date "2025.05.20"]
[Round "7"]
[White "Vlassov, Nikolai"]
[Black "Bogaudinov, Rushan"]
[Result "1-0"]
[WhiteTitle "IM"]
[BlackTitle "FM"]
[WhiteElo "2291"]
[BlackElo "1912"]
[WhiteFideId "4103360"]
[BlackFideId "4129288"]
[EventDate "2025.05.20"]

1. e4 c5 2. c3 e6 3. d4 d5 4. exd5 Qxd5 5. Nf3 Nc6 6. a3 Nf6 7. Be3 cxd4 8. cxd4
Be7 9. Nc3 Qd8 10. Qc2 Nd5 11. Bd3 h6 12. O-O O-O 13. Qd2 Nxe3 14. fxe3 b6 15.
Rf2 Bb7 16. Raf1 Rc8 17. Bb1 Bh4 18. g3 Bf6 19. Ne4 Be7 20. Qd3 f5 21. Nc3 Bf6
22. Ba2 Re8 23. Qxf5 Qd7 24. Ne4 Ba6 25. Qxf6 gxf6 26. Nxf6+ Kg7 27. Nxd7 Bxf1
28. Rxf1 Re7 29. Nde5 Nxe5 30. Nxe5 Rc2 31. Rf2 Rec7 32. Bb3 Rxf2 33. Kxf2 Rc1
34. Nd3 Rh1 35. Kg2 Ra1 36. Bxe6 Kf6 37. Bb3 Ke7 38. e4 Kf6 39. e5+ Kf5 40. d5
h5 41. d6 1-0

[Event "Titled Tue 20th May Late"]
[Site "chess.com INT"]
[Date "2025.05.20"]
[Round "7"]
[White "Sampaoli, Cristian"]
[Black "Da Matta, Eduardo Cesar"]
[Result "1-0"]
[WhiteTitle "CM"]
[WhiteElo "2211"]
[BlackElo "2047"]
[WhiteFideId "115800"]
[BlackFideId "2193108"]
[EventDate "2025.05.20"]

1. d4 d5 2. c4 c6 3. Nf3 Nf6 4. e3 e6 5. Nbd2 Bd6 6. b3 O-O 7. Bb2 Nbd7 8. Bd3
Qe7 9. Ne5 Ne8 10. O-O f6 11. Nxd7 Bxd7 12. e4 f5 13. exf5 exf5 14. Re1 Qf7 15.
Nf3 Nf6 16. Ne5 Bxe5 17. dxe5 Ne4 18. cxd5 cxd5 19. f3 Nc5 20. Bf1 Be6 21. Rc1
Rfc8 22. Qd4 b6 23. Kh1 Nd7 24. Ba6 Rxc1 25. Rxc1 Nc5 26. Bf1 g5 27. b4 Nd7 28.
Rc7 g4 29. Bb5 gxf3 30. gxf3 Rd8 31. Qh4 Qe8 32. Qg5+ Kh8 33. h4 Qg8 34. Bxd7
Rxd7 35. Rxd7 Bxd7 36. e6+ 1-0

[Event "Titled Tue 20th May Late"]
[Site "chess.com INT"]
[Date "2025.05.20"]
[Round "7"]
[White "Aung Thant Zin"]
[Black "Yevchenko, Oleksandr"]
[Result "0-1"]
[WhiteTitle "FM"]
[BlackTitle "CM"]
[WhiteElo "2268"]
[BlackElo "2276"]
[WhiteFideId "13000063"]
[BlackFideId "14108267"]
[EventDate "2025.05.20"]

1. e4 c5 2. Nf3 d6 3. Bb5+ Bd7 4. Bxd7+ Qxd7 5. O-O Nc6 6. c3 Nf6 7. Re1 e6 8.
d4 cxd4 9. cxd4 Be7 10. Nc3 O-O 11. d5 Ne5 12. dxe6 Qxe6 13. Nd4 Qc4 14. Nf5
Rfe8 15. Bg5 Rad8 16. Rc1 Nd3 17. Nd5 Nxc1 18. Ndxe7+ Rxe7 19. Nxe7+ Kf8 20.
Bxf6 gxf6 21. Nf5 Nd3 22. b3 Qb5 23. a4 Qa6 24. Re3 Ne5 25. Rh3 Ke8 26. Rxh7 Ng6
27. h4 Qc6 28. h5 Nf8 0-1

[Event "Titled Tue 20th May Late"]
[Site "chess.com INT"]
[Date "2025.05.20"]
[Round "7"]
[White "Le, Quang Liem"]
[Black "Naroditsky, Daniel"]
[Result "0-1"]
[WhiteTitle "GM"]
[BlackTitle "GM"]
[WhiteElo "2729"]
[BlackElo "2619"]
[WhiteFideId "12401137"]
[BlackFideId "2026961"]
[EventDate "2025.05.20"]

1. Nf3 Nf6 2. c4 g6 3. Nc3 Bg7 4. g3 d6 5. Bg2 O-O 6. O-O c6 7. d4 Bf5 8. Qb3
Qb6 9. Re1 Qa6 10. e4 Be6 11. Bf1 Nfd7 12. Be3 c5 13. Nd5 Bg4 14. Bd2 cxd4 15.
Nc7 Nc5 16. Qd1 Qc6 17. Nxa8 f5 18. Bg2 fxe4 19. Nxd4 Qd7 20. Ne2 Nc6 21. Be3
Nd3 22. Rf1 Nce5 23. Bxe4 Bf3 24. Bxf3 Nxf3+ 25. Kg2 Qc6 26. Kh3 Qd7+ 27. Kg2
Qc6 28. Kh3 Nfe1 29. Rxe1 Rxf2 30. Qxd3 Qg2+ 31. Kg4 Qf3+ 32. Kh3 Qh5# 0-1

[Event "Titled Tue 20th May Late"]
[Site "chess.com INT"]
[Date "2025.05.20"]
[Round "7"]
[White "Manvelyan, Mikayel"]
[Black "Dovgaliuk, Oleksandr"]
[Result "1-0"]
[WhiteTitle "FM"]
[WhiteElo "2362"]
[BlackElo "2240"]
[WhiteFideId "13310143"]
[BlackFideId "14167247"]
[EventDate "2025.05.20"]

1. e4 c5 2. Nf3 d6 3. Bb5+ Bd7 4. Bxd7+ Qxd7 5. c4 e5 6. Nc3 Nc6 7. d3 Be7 8.
Rb1 Bd8 9. a3 f5 10. b4 b6 11. O-O Nf6 12. bxc5 dxc5 13. Bg5 O-O 14. Bxf6 Rxf6
15. exf5 Qxf5 16. Nd5 Rg6 17. Re1 Qh3 18. g3 Bf6 19. Qe2 Rf8 20. Qe4 Rh6 21. Ne3
Nd4 22. Ng4 Rg6 23. Nxd4 exd4 24. Qe6+ Kh8 25. Ne5 Rh6 26. Nf7+ Rxf7 27. Qe8+ 1-0

[Event "Titled Tue 20th May Late"]
[Site "chess.com INT"]
[Date "2025.05.20"]
[Round "7"]
[White "Tologon tegin, Semetei"]
[Black "Petriashvili, Nikoloz"]
[Result "0-1"]
[WhiteTitle "IM"]
[BlackTitle "IM"]
[WhiteElo "2313"]
[BlackElo "2468"]
[WhiteFideId "13800574"]
[BlackFideId "13611216"]
[EventDate "2025.05.20"]

1. d4 Nc6 2. Nf3 e6 3. c3 Nf6 4. Bg5 h6 5. Bh4 g5 6. Bg3 Nh5 7. e3 Bg7 8. Nbd2
d6 9. Bd3 Bd7 10. Qb3 Na5 11. Qc2 Qe7 12. b4 Nc6 13. a4 a6 14. O-O O-O 15. b5
Nb8 16. c4 c6 17. b6 Be8 18. c5 dxc5 19. Bc7 Nd7 20. Nb3 cxd4 21. exd4 Ndf6 22.
Qc5 Qxc5 23. Nxc5 Nf4 24. Bc4 N6d5 25. Bd6 Nxb6 26. Bxf8 Kxf8 27. Rfc1 Nxc4 28.
Rxc4 b5 29. Rc2 a5 30. axb5 cxb5 31. Ne5 a4 32. Rb2 Rc8 33. g3 Bxe5 34. dxe5
Rxc5 35. gxf4 gxf4 36. Rd1 Bc6 37. Rb4 a3 38. Rxf4 Bd5 39. Rb4 a2 40. Rc1 Rxc1# 0-1